Biblioteca

Manual de Informática Moderna (Registro nro. 43403)

Detalles MARC
000 -LÍDER
Campo fijo de descripción fija 005190000a22001690004500
020 ## - NÚMERO INTERNACIONAL NORMALIZADO PARA LIBROS
Número Internacional Normalizado del libro 9978-45-307-5
001 - NÚMERO DE CONTROL
Campo de control 14547
245 10 - TÍTULO
Título del Material Manual de Informática Moderna
260 ## - PUBLICACIÓN, DISTRIBUCIÓN, ETC. (PIE DE IMPRENTA)
Lugar de publicación, distribución, etc. Alabama
336 ## - CONTENT TYPE
Content type term texto
Content type code txt
Source rdacontent
337 ## - MEDIA TYPE
Source rdamedia
Media type term sin mediación
Media type code n
338 ## - CARRIER TYPE
Source rdacarrier
Carrier type term volumen
Carrier type code nc
505 00 - NOTA DE CONTENIDO
Nota de contenido con formato preestablecido Demos de: Diseño gráfico (Corel Draw, Fireworks, Flash, Autodesk 3DS max) Internet (Dreamweaver 8) Programación (Php, MySql)
650 14 - ASIENTO SECUNDARIO DE MATERIA - TERMINO TEMÁTICO
Término temático o nombre geográfico como elemento de entrada NUEVAS TECNOLOGÍAS
942 ## - TIPO DE MATERIAL (KOHA)
Tipo de Item KOHA Libros General
Existencias
Estado de Material Estado de Perdido Estado de Dañado No para Préstamo Colección Tomo Biblioteca de Origen Biblioteca Permanente Ubicación en Estantería Fecha de Adquisición Total de Préstamos Signatura Topográfica Código de Barras Última vez visto Ejemplar/Existencia Fecha de Remplazo Tipo de Material
        Colección Audiovisual   Biblioteca FUSBC Biblioteca FUSBC Audio Visual 26/09/2007   16590 12/12/2019 Ej. 1 26/01/2016 CD

Biblioteca FUSBC | Teléfono: (57+4) 349 88 10 Ext. 141| WhatsApp (+57) 3005338115 
E-mail: biblioteca@unisbc.edu.co | Calle 76 87-14 Robledo Palenque, Medellín, Colombia

Con tecnología Koha